000 00345nam a2200157Ia 4500
008 100122s9999 xx 000 0 und d
082 _b67293
_aB525
100 _aBHANOT T R
245 _aTHE EARTH
250 _a0
260 _bDREAMLAND PABLICATION
_c1995
300 _a64
630 _aTHE EARTH
730 _aTHE EARTH
942 _cBOOK
999 _c380883
_d380880